Monk On Riverside 1955-57, vol. 03 (Record no. 99835)

MARC details
000 -LEADER
fixed length control field 01741njm a2200349Ia 4500
001 - CONTROL NUMBER
control field 25881
003 - CONTROL NUMBER IDENTIFIER
control field IT-RoPAU
005 - DATE AND TIME OF LATEST TRANSACTION
control field 20220918181121.0
008 - FIXED-LENGTH DATA ELEMENTS--GENERAL INFORMATION
fixed length control field 131025s9999 xx 000 0 und d
040 ## - CATALOGING SOURCE
Original cataloging agency IT-RoPAU
040 ## - CATALOGING SOURCE
Transcribing agency IT-RoPAU
999 ## - SYSTEM CONTROL NUMBERS (KOHA)
Koha Dewey Subclass [OBSOLETE] SI
100 ## - MAIN ENTRY--PERSONAL NAME
Personal name AA.VV.
9 (RLIN) 794
100 ## - MAIN ENTRY--PERSONAL NAME
Relator term Autore musica
9 (RLIN) 14675
100 ## - MAIN ENTRY--PERSONAL NAME
Miscellaneous information Codice autore musica SPICS: 12000
9 (RLIN) 796
245 ## - TITLE STATEMENT
Title Monk On Riverside 1955-57, vol. 03
250 ## - EDITION STATEMENT
Edition statement 2a ed.
260 ## - PUBLICATION, DISTRIBUTION, ETC. (IMPRINT)
Place of publication, distribution, etc. MILANO
260 ## - PUBLICATION, DISTRIBUTION, ETC. (IMPRINT)
Name of publisher, distributor, etc. RIVERSIDE RECORDS
Date of publication, distribution, etc. 1984 [1a Ed.:1956 - Ed. Lingua Orig.: 1956]
300 ## - PHYSICAL DESCRIPTION
Extent DISCO
300 ## - PHYSICAL DESCRIPTION
Dimensions 42 minuti (Testo: pag.)
505 ## - FORMATTED CONTENTS NOTE
Formatted contents note Brilliant Corners [(9 ottobre 1956) (8:00)] - Bemsha Swing [(9 ottobre 1956) (8:00)] - I Surrender, Dear [(9 ottobre 1956) (6:00)] - Ba Lue Bolivar Ba Lues Are [(9 ottobre 1956) (14:00)] - Pannonica [(9 ottobre 1956) (9:00)]
511 ## - PARTICIPANT OR PERFORMER NOTE
Participant or performer note Terry Clark: trumpet; Rollins Sonny: tenor, sax; Monk Theolonius: piano; Chambers Paul: basso; Roach Max: drums
511 ## - PARTICIPANT OR PERFORMER NOTE
Participant or performer note Monk Theolonius: piano; Henry Ernie: alto, sax; Rollins Sonny: tenor, sax; Pettiford Oscar: basso; Roach Max: drums
650 ## - SUBJECT ADDED ENTRY--TOPICAL TERM
Topical term or geographic name as entry element JAZZ [DISCHI]
Relator term Codice MATERIA SPICS: 9950
9 (RLIN) 14676
700 ## - ADDED ENTRY--PERSONAL NAME
Personal name Monk Thelonious
Miscellaneous information Codice interprete SPICS: 10795
Relator term Interprete
9 (RLIN) 14677
700 ## - ADDED ENTRY--PERSONAL NAME
Personal name Monk Thelonious
Miscellaneous information Codice autore musica SPICS: 10795
Relator code Autore musica
Name of part/section of a work Brilliant Corners - Bemsha Swing - Ba Lue Bolivar Ba Lues Are - Pannonica
9 (RLIN) 14678
700 ## - ADDED ENTRY--PERSONAL NAME
Personal name Best Denzil
Miscellaneous information Codice autore musica SPICS: 24586
Relator term Autore musica
Name of part/section of a work Bemsha Swing
9 (RLIN) 14679
700 ## - ADDED ENTRY--PERSONAL NAME
Personal name Clifford Gordon
Miscellaneous information Codice autore musica SPICS: 22913
Relator term Autore musica
Name of part/section of a work I Surrender, Dear
9 (RLIN) 14680
700 ## - ADDED ENTRY--PERSONAL NAME
Personal name Barris Harry
Miscellaneous information Codice autore SPICS: 18863
Relator term Autore
Name of part/section of a work I Surrender, Dear
9 (RLIN) 14681
942 ## - ADDED ENTRY ELEMENTS (KOHA)
Koha item type DISCHI
Source of classification or shelving scheme Dewey Decimal Classification
Holdings
Withdrawn status Lost status Damaged status Not for loan Home library Current library Date acquired Total Checkouts Full call number Date last seen Price effective from Koha item type Public note
    Buone Condizioni Not For Loan SPICS-MEDIATECA SPICS-MEDIATECA 25/10/2013   25881 25/10/2013 25/10/2013 DISCHI Progr. Ins.: 5754 / N.Vol.: 1 / Copie: 1 - Copia rara: SI / date import: 01.01.2014 - By Epidotti, Trombetti, Vaglietti
CREDITS: SOCIETA' SAN PAOLO Via A.Severo, 58 - ROMA (RM) & PERIODICI SAN PAOLO SRL Via Giotto, 36 MILANO & CISF Via Giotto, 36 MILANO & EDIZIONI SAN PAOLO SRL,  Piazza Soncino, 5 CINISELLO BALSAMO (MI) -- ITALY